Fr. Conceicao Rodrigues College of Engineering

Computer simulation and modeling (Record no. 26264)

MARC details
000 -LEADER
fixed length control field 00330nam a2200157Ia 4500
082 ## - DEWEY DECIMAL CLASSIFICATION NUMBER
Classification number 3.3
Item number JOS
100 ## - MAIN ENTRY--PERSONAL NAME
Personal name Joshi/Abhijit R
250 ## - EDITION STATEMENT
Edition statement 4
245 ## - TITLE STATEMENT
Title Computer simulation and modeling
260 ## - PUBLICATION, DISTRIBUTION, ETC.
Name of publisher, distributor, etc. Vipul prakashan
366 ## - TRADE AVAILABILITY INFORMATION
Publishers's discount category 12
546 ## - LANGUAGE NOTE
Language note ENGLISH
-- Info.Tech
650 ## - SUBJECT ADDED ENTRY--TOPICAL TERM
Topical term or geographic name entry element Simulation
942 ## - ADDED ENTRY ELEMENTS (KOHA)
Koha item type BOOK
Holdings
Withdrawn status Lost status Damaged status Not for loan Collection Home library Current library Date acquired Source of acquisition Cost, normal purchase price Inventory number Total Checkouts Full call number Barcode Date last seen Cost, replacement price Price effective from Koha item type
        CRC Fr. Agnel's C.Rodrigues College of Engineering Fr. Agnel's C.Rodrigues College of Engineering 17/03/2023 Allied Publishers 237.60 1041 dt 05.11.2014   3.3 JOS 23514 17/03/2023 270.00   BOOK
        CRC Fr. Agnel's C.Rodrigues College of Engineering Fr. Agnel's C.Rodrigues College of Engineering 17/03/2023 Allied Publishers 237.60 1041 dt 05.11.2014   3.3 JOS 23515 17/03/2023 270.00   BOOK
        CRC Fr. Agnel's C.Rodrigues College of Engineering Fr. Agnel's C.Rodrigues College of Engineering 17/03/2023 Allied Publishers 237.60 1041 dt 05.11.2014   3.3 JOS 23516 17/03/2023 270.00   BOOK
        CRC Fr. Agnel's C.Rodrigues College of Engineering Fr. Agnel's C.Rodrigues College of Engineering 17/03/2023 Allied Publishers 237.60 1041 dt 05.11.2014   3.3 JOS 23517 17/03/2023 270.00   BOOK
        CRC Fr. Agnel's C.Rodrigues College of Engineering Fr. Agnel's C.Rodrigues College of Engineering 17/03/2023 Allied Publishers 237.60 1041 dt 05.11.2014   3.3 JOS 23518 17/03/2023 270.00   BOOK